Instabile Exportmärkte und wirtschaftliche Enttwicklung <Der> Fall Kolumbien
Guardado en:
| Autor principal: | |
|---|---|
| Formato: | Libro |
| Lenguaje: | alemán |
| Publicado: |
Tübingen
Mohr
1983
|
| Colección: | Kieler Studien
178 |
| Etiquetas: |
Sin Etiquetas, Sea el primero en etiquetar este registro!
|
MARC
| LEADER | 00000nam a2200000 4500 | ||
|---|---|---|---|
| 001 | c134391 | ||
| 005 | 20181203150500.4 | ||
| 041 | 0 | |a ger | |
| 044 | |a DE | ||
| 245 | 1 | 0 | |a Instabile Exportmärkte und wirtschaftliche Enttwicklung |b <Der> Fall Kolumbien |c Thomas Mayer |
| 264 | 1 | |a Tübingen |b Mohr |c 1983 | |
| 300 | |a 181 s. | ||
| 490 | 1 | |a Kieler Studien |v 178 | |
| 830 | 0 | |a Kieler Studien |v 178 | |
| 100 | 1 | |a Mayer, Thomas | |